00638nam a2200205Ia 4500003000400000005001700004008004100021020001900062040000700081041000800088082001600096100002700112245004600139260004800185300000900233650002200242942001300264999001900277952013600296OSt20250806131221.0250729s2005 xx 000 0 und d a978-8171418930 cAL aeng a370.78 NAGS aNagaraju M T V9220991 aStudy habits of secondary school students aNew DelhibDiscovery Publishing Housec2005 a238p aEducation9220992 2ddccBED c234811d234811 001040708BEDaALbALd2025-07-29eSita Book Houseg135.00l0o370.78 NAGSpBED00130r2025-07-29 16:53:29v135.00w2025-07-29yBK